Normal view
MARC view
- Bullies.
Entry Topical Term
001 - CONTROL NUMBER
- control field: 47426
003 - CONTROL NUMBER IDENTIFIER
- control field: OSt
005 - DATE AND TIME OF LATEST TRANSACTION
- control field: 20230120142310.0
008 - FIXED-LENGTH DATA ELEMENTS
- fixed length control field: 230120|| aca||aabn | a|a d
040 ## - CATALOGING SOURCE
- Original cataloging agency: OSt
- Transcribing agency: OSt
150 ## - HEADING--TOPICAL TERM
- Topical term or geographic name entry element: Bullies.
670 ## - SOURCE DATA FOUND
- Source citation: Work cat.: (OSt): Timario, Darmo Naranjo author. 47425, Pupil, teacher, and parent perspectives on bullying :, September 2017
